000 00854nam a2200277 a 4500
001 000081325
005 20200120224503.0
008 161117s1988 ck ||||gr|||| 000 ||spa d
020 _a9589138098
041 0 _a#+spa
043 _as-ck---
090 _aAN
_bSOTd
100 1 _aSoto Borda, Clímaco
245 1 0 _aDiana cazadora /
_cClímaco Soto Borda ; prólogo de Conrado Zuluaga Osorio.
250 _a3a. ed.
260 _aBogotá :
_bVillegas Editores,
_c1988.
300 _a205 páginas :
_bilustraciones.
490 0 _aBiblioteca de Bogotá
500 _aIncluye índice
650 1 7 _aNovela colombiana
_2LEMB
650 2 7 _aLiteratura colombiana
_2LEMB
650 2 7 _aGuerra en la literatura
_2LEMB
650 2 7 _aNovela histórica
_2LEMB
651 7 _aBogotá
_xHistoria - Anécdotas
_2LEMB
700 1 _aZuluaga Osorio, Conrado,
_cprologista
999 _c9738
_d9738